Elements of chemical reaction engineering
Saved in:
| Hovedforfatter: | |
|---|---|
| Format: | Bog |
| Sprog: | engelsk |
| Udgivet: |
Englewood Cliffs
Prentice-Hall
1992
|
| Udgivelse: | 2a. ed |
| Serier: | Prentice Hall International Series in the Physical and Chemical Engineering Series
|
| Fag: | |
| Tags: |
Tilføj Tag
Ingen Tags, Vær først til at tagge denne postø!
|
MARC
| LEADER | 00000nam a2200000 a 4500 | ||
|---|---|---|---|
| 001 | UCY4786 | ||
| 003 | CL-VaPUC | ||
| 008 | 950329e19920000US |||||||||||||||||eng|d | ||
| 082 | 0 | 4 | |a 660.283 |b FOG |2 21 |
| 100 | 0 | |a Fogler, H. Scott |e author |9 333279 | |
| 245 | 1 | 0 | |a Elements of chemical reaction engineering |
| 250 | |a 2a. ed | ||
| 300 | |a 838 p | ||
| 942 | |c BK | ||
| 945 | |d 19950329 00:00:00 |a mfernand | ||
| 260 | |a Englewood Cliffs |b Prentice-Hall |c 1992 | ||
| 650 | 7 | |a REACTORES QUIMICOS DISEÑO Y CONSTRUCCION |2 CL-VaPUC |9 328993 | |
| 583 | |a last modification |c 20120823 11:01:41 |k Rodrigo Vera | ||
| 490 | 0 | |a Prentice Hall International Series in the Physical and Chemical Engineering Series | |
| 999 | |c 232552 |d 232550 | ||
| 952 | |0 0 |1 0 |4 0 |6 660_283000000000000_FOG_1992 |7 0 |8 A |9 237238 |a BIBING |b BIBING |d 2019-11-15 |i 3071189 |l 1 |o 660.283 FOG 1992 |p 3071189 |r 2025-01-20 |s 2022-10-13 |w 2019-11-15 |y BK |k EIQ | ||